000 00370cam a2200157ua 4500
041 _amal
_h
082 _a894.812 308
_bTWA/TO
100 _aTwain, Mark .
245 _aTom sawyer /
_cMark Twain.
_hTextual Documents
250 _a1 /
_b.
260 _a :
_bS R V Press Book Depot ,
_c1955.
300 _a260 ; .
504 _a
942 _cBK
999 _c3866
_d3866